All Gray Countries in the Europe SVG - Statistics

General Stats
  • This quiz has been taken 26 times
  • The average score is 8 of 9
Answers on the Map
Answers color-coded by a green-red scale on the quiz's map according to % correct below.
 
Answer Stats
Answer % Correct
Cyprus
100%
Morocco
100%
Syria
100%
Turkey
100%
Algeria
95%
Tunisia
95%
Lebanon
91%
Georgia
86%
Jordan
77%
No matching quizzes found
Score Distribution
Percent of People with Each Score
Percentile by Number Answered
Your Score History
You have not taken this quiz